<?xml version="1.0" encoding="UTF-8"?>
<record
    xmlns:xsi="http://www.w3.org/2001/XMLSchema-instance"
    xsi:schemaLocation="http://www.loc.gov/MARC21/slim http://www.loc.gov/standards/marcxml/schema/MARC21slim.xsd"
    xmlns="http://www.loc.gov/MARC21/slim">

  <leader>01360nam a2200193 a 4500</leader>
  <controlfield tag="008">190917t1970    ag  |||g |||| 001 0 spa d</controlfield>
  <datafield tag="041" ind1=" " ind2=" ">
    <subfield code="a">spa</subfield>
  </datafield>
  <datafield tag="092" ind1=" " ind2=" ">
    <subfield code="c">808</subfield>
    <subfield code="l">9</subfield>
    <subfield code="s">BUS</subfield>
  </datafield>
  <datafield tag="100" ind1="1" ind2=" ">
    <subfield code="a">Bustos, Miguel Angel</subfield>
    <subfield code="9">3467</subfield>
  </datafield>
  <datafield tag="245" ind1=" " ind2="3">
    <subfield code="a">El Himalaya o la moral de los p&#xE1;jaros /</subfield>
    <subfield code="c">Miguel Angel Bustos</subfield>
  </datafield>
  <datafield tag="250" ind1=" " ind2=" ">
    <subfield code="a">1a ed.</subfield>
  </datafield>
  <datafield tag="260" ind1=" " ind2=" ">
    <subfield code="a">Buenos Aires:</subfield>
    <subfield code="b">Sudamericana;</subfield>
    <subfield code="c">1970.</subfield>
  </datafield>
  <datafield tag="300" ind1=" " ind2=" ">
    <subfield code="a">121 p.</subfield>
  </datafield>
  <datafield tag="500" ind1=" " ind2=" ">
    <subfield code="a">Bustos, M. A. (1970). El Himalaya o la moral de los p&#xE1;jaros. (1a ed.). Buenos Aires : Sudamericana.</subfield>
  </datafield>
  <datafield tag="505" ind1=" " ind2=" ">
    <subfield code="a">"El Himayala o la moral de los p&#xE1;jaros" describe una visi&#xF3;n ejemplar: el verbo encarnado en las civilizaciones precolombinas, la aparici&#xF3;n de las mitolog&#xED;as propias, el tiempo como era solar (el tiempo dividido en soles), y el nacimiento del sol del tercer mundo (como pol&#xED;tica y rebeli&#xF3;n). El lenguaje es en estas p&#xE1;ginas instrumento y teor&#xED;a musical a la vez, de manera que el libro se manifiesta en tu totalidad como el orbe cerrado de una partitura, una creaci&#xF3;n &#xF3;rfica que pera en cuentos niveles como un mantra arcaico. "El Himalaya" -de alg&#xFA;n modo un poema de melancol&#xED;a y ausencia- es tambi&#xE9;n la apertura de una honda b&#xFA;squeda que se manifiesta ante todo como la introducci&#xF3;n a una "&#xE9;pica".  </subfield>
  </datafield>
  <datafield tag="590" ind1=" " ind2=" ">
    <subfield code="a"> Proyecto 4to libro, Donaci&#xF3;n Maria Vitarelli, Diciembre 2017</subfield>
  </datafield>
  <datafield tag="655" ind1=" " ind2=" ">
    <subfield code="a">Literatura</subfield>
    <subfield code="9">2917</subfield>
  </datafield>
  <datafield tag="942" ind1=" " ind2=" ">
    <subfield code="2">ddc</subfield>
    <subfield code="c">LIT</subfield>
  </datafield>
  <datafield tag="999" ind1=" " ind2=" ">
    <subfield code="c">2618</subfield>
    <subfield code="d">2618</subfield>
  </datafield>
  <datafield tag="952" ind1=" " ind2=" ">
    <subfield code="0">0</subfield>
    <subfield code="1">0</subfield>
    <subfield code="2">ddc</subfield>
    <subfield code="4">0</subfield>
    <subfield code="7">0</subfield>
    <subfield code="a">BFM</subfield>
    <subfield code="b">BFM</subfield>
    <subfield code="c">CR</subfield>
    <subfield code="d">2017-12-27</subfield>
    <subfield code="e">Donaci&#xF3;n Maria Vitarelli, Diciembre 2017</subfield>
    <subfield code="l">1</subfield>
    <subfield code="o">808 9 BUS</subfield>
    <subfield code="p">4124</subfield>
    <subfield code="r">2019-03-21</subfield>
    <subfield code="s">2019-03-06</subfield>
    <subfield code="t">Ej. 1</subfield>
    <subfield code="w">2017-12-27</subfield>
    <subfield code="y">LIT</subfield>
    <subfield code="z">Proyecto 4to libro. Donaci&#xF3;n Maria Vitarelli, Diciembre 2017</subfield>
  </datafield>
</record>
